[Event "Legends of Chess Prelim"]
[Site "chess24.com INT"]
[Date "2020.07.27"]
[Round "7.3"]
[White "Leko, P"]
[Black "Nepomniachtchi, I"]
[Result "1/2-1/2"]
[WhiteElo "2663"]
[BlackElo "2784"]
[EventDate "2020.07.21"]
[WhiteTitle "GM"]
[BlackTitle "GM"]
[WhiteFideId "703303"]
[BlackFideId "4168119"]

1.Nf3 Nf6 2.c4 c5 3.d4 cxd4 4.Nxd4 Nc6 5.g3 e5 6.Nb5 Bb4+ 7.N1c3 d6 8.a3 
Bxc3+ 9.Nxc3 Be6 10.Bg2 Bxc4 11.Bg5 O-O 12.Rc1 Rc8 13.Bxf6 Qxf6 14.Ne4 Qe6
15.Rxc4 Qxc4 16.Nxd6 Qa2 17.Nxc8 Rxc8 18.O-O Qxb2 19.Qd7 Rd8 20.Qc7 Qb6 
21.Qxb6 axb6 22.Rb1 g6 23.Rxb6 Rd1+ 24.Bf1 Ra1 25.Rxb7 Rxa3 26.e3 Ra7 27.
Rb6 Ne7 28.g4 Kg7 29.Kg2 g5 30.Bd3 Ng6 31.Rb5 Kf6 32.Be4 Ra4 33.Bxg6 hxg6 
34.h3 Ke6 35.Rb6+ Ke7 36.Rb7+ Ke6 37.Rb6+ Ke7 38.Rb7+ Ke6 39.Rb6+ 1/2-1/2

[Event "Legends of Chess Prelim"]
[Site "chess24.com INT"]
[Date "2020.07.28"]
[Round "8.1"]
[White "Giri, A"]
[Black "Ivanchuk, V"]
[Result "1/2-1/2"]
[WhiteElo "2764"]
[BlackElo "2678"]
[EventDate "2020.07.21"]
[WhiteTitle "GM"]
[BlackTitle "GM"]
[WhiteFideId "24116068"]
[BlackFideId "14100010"]

1.Nf3 Nf6 2.c4 b6 3.g3 c5 4.Bg2 Bb7 5.O-O e6 6.Nc3 Be7 7.Re1 d6 8.e4 a6 9.
d4 cxd4 10.Nxd4 Qc7 11.Be3 O-O 12.Rc1 Re8 13.g4 Bf8 14.g5 Nfd7 15.h4 Nc6 
16.b3 Rad8 17.h5 Qb8 18.g6 hxg6 19.hxg6 fxg6 20.Bg5 Nf6 21.Nxc6 Bxc6 22.
Re3 Rd7 23.Rg3 Nh5 24.Rg4 Rf7 25.Be3 Qb7 26.Qd3 b5 27.cxb5 axb5 28.Rxg6 b4
29.Ne2 e5 30.Rg5 Nf4 31.Bxf4 exf4 32.Nd4 Bxe4 33.Bxe4 Qxe4 34.Qxe4 Rxe4 
35.Nf3 Be7 36.Rb5 Bf6 37.Rc6 Ra7 38.Rc2 Kf7 39.Kg2 Ke6 40.Kh3 d5 41.Kg4 
Ra6 42.Rd2 Rd6 43.Rb8 Ra6 44.Rb5 Rd6 45.Rb8 Ra6 46.Rb5 1/2-1/2

[Event "Legends of Chess Prelim"]
[Site "chess24.com INT"]
[Date "2020.07.29"]
[Round "9.2"]
[White "Anand, V"]
[Black "Ivanchuk, V"]
[Result "1/2-1/2"]
[WhiteElo "2753"]
[BlackElo "2678"]
[EventDate "2020.07.21"]
[WhiteTitle "GM"]
[BlackTitle "GM"]
[WhiteFideId "5000017"]
[BlackFideId "14100010"]

1.e4 e5 2.Nf3 Nc6 3.Bb5 a6 4.Ba4 Nf6 5.O-O Be7 6.d3 b5 7.Bb3 d6 8.a3 O-O 
9.Nc3 Na5 10.Ba2 Be6 11.b4 Bxa2 12.Nxa2 Nb7 13.c4 Qd7 14.Nc3 Nd8 15.cxb5 
axb5 16.d4 exd4 17.Nxd4 Ne6 18.Nf5 Rfe8 19.Nxe7+ Rxe7 20.f3 c6 21.Bb2 d5 
22.Ne2 dxe4 23.Bxf6 gxf6 24.fxe4 Qxd1 25.Rfxd1 Rea7 26.Rac1 Rxa3 27.Rxc6 
Rb3 28.Nc3 Rxb4 29.Nd5 Rb2 30.Nxf6+ Kg7 31.Nh5+ Kf8 32.Rb6 b4 33.e5 b3 34.
h4 h6 35.Rd3 Re2 36.Rdxb3 Rxe5 37.Rb8+ Rxb8 38.Rxb8+ Ke7 39.Rb7+ Kf8 40.
Rb8+ Ke7 41.Rb7+ Kf8 42.Rb8+ 1/2-1/2

[Event "Legends of Chess Prelim"]
[Site "chess24.com INT"]
[Date "2020.07.29"]
[Round "9.1"]
[White "Ivanchuk, V"]
[Black "Anand, V"]
[Result "1/2-1/2"]
[WhiteElo "2678"]
[BlackElo "2753"]
[EventDate "2020.07.21"]
[WhiteTitle "GM"]
[BlackTitle "GM"]
[WhiteFideId "14100010"]
[BlackFideId "5000017"]

1.d4 Nf6 2.c4 e6 3.Nf3 d5 4.Nc3 Bb4 5.a3 Bxc3+ 6.bxc3 dxc4 7.e3 Qd5 8.Nd2 
O-O 9.Nxc4 b6 10.f3 c5 11.e4 Qc6 12.Be3 Ba6 13.Rc1 Rd8 14.Be2 Qc7 15.O-O 
Nc6 16.Qa4 Na5 17.Rfe1 Bxc4 18.Bxc4 Nxc4 19.Qxc4 Rac8 20.Red1 cxd4 21.Qxc7
Rxc7 22.cxd4 Rdc8 23.Kf1 Kf8 24.Ke2 Ke7 25.Kd3 Rxc1 26.Rxc1 Rxc1 27.Bxc1 
Ne8 28.a4 Kd7 29.g4 a6 30.Bf4 f6 31.h4 Nd6 32.h5 g6 33.hxg6 hxg6 34.Kc3 f5
35.Kd3 fxe4+ 36.fxe4 Nf7 37.Kc4 e5 38.dxe5 Ke6 39.Kd4 Nd8 40.Kc3 Nc6 41.
Be3 b5 42.axb5 axb5 43.Bf4 Nxe5 44.g5 Nc6 45.Bg3 Kd7 46.Bf2 Nd8 47.Bb6 Ne6
48.Kb4 Kc6 49.Be3 Nc7 50.Kc3 Na6 51.Kd4 Nc5 52.Ke5 b4 53.Kf6 b3 54.Bd4 
Nxe4+ 55.Kxg6 Nxg5 56.Kxg5 b2 57.Bxb2 1/2-1/2

[Event "Legends of Chess Prelim"]
[Site "chess24.com INT"]
[Date "2020.07.24"]
[Round "4.1"]
[White "Giri, A"]
[Black "Anand, V"]
[Result "1/2-1/2"]
[WhiteElo "2764"]
[BlackElo "2753"]
[EventDate "2020.07.21"]
[WhiteTitle "GM"]
[BlackTitle "GM"]
[WhiteFideId "24116068"]
[BlackFideId "5000017"]

1.c4 e6 2.g3 Nf6 3.Bg2 d5 4.Nf3 dxc4 5.Qa4+ Bd7 6.Qxc4 c5 7.Ne5 Qc8 8.Qd3 
Nc6 9.Nxd7 Qxd7 10.Qxd7+ Kxd7 11.b3 Rc8 12.Bb2 Be7 13.Na3 Rhd8 14.e3 Ke8 
15.Ke2 g6 16.Nc4 b5 17.Bxc6+ Rxc6 18.Ne5 Rcd6 19.Rhd1 Nd5 20.a4 f6 21.Nf3 
bxa4 22.Rxa4 Rb6 23.Rxa7 Rxb3 24.Ba3 e5 25.Rc1 Nb4 26.Bxb4 Rxb4 27.Rc2 
Rdb8 28.Ne1 Rb2 29.Ra2 Rxa2 30.Rxa2 c4 31.Rc2 Rc8 32.e4 Bd8 33.Ra2 c3 34.
dxc3 Rxc3 35.Nc2 f5 36.exf5 gxf5 37.Nb4 Rc4 38.Nd5 Rc5 39.Ne3 f4 40.Nf5 
fxg3 41.hxg3 Rc6 42.Kf3 Kf7 43.Ke4 Ke6 44.Ra4 Bb6 45.Ra6 Rc4+ 46.Kd3 Rb4 
47.Ne3 Kf7 48.Nd5 Rd4+ 49.Ke2 Rxd5 50.Rxb6 Ra5 51.Kf3 Ra2 52.Rh6 Kg7 53.
Re6 Ra5 54.Ke4 Ra2 55.f3 Re2+ 56.Kd3 Re1 57.Kd2 Rg1 58.g4 h5 59.gxh5 Rg5 
60.h6+ Kh7 61.Kd3 Rf5 62.Ke3 Rf7 63.Ra6 Rf4 64.Re6 Rf7 65.Kf2 e4 66.Rxe4 
Kxh6 67.Rg4 Ra7 68.Kg3 Ra3 69.Rg8 Kh7 70.Rg5 Kh6 71.Rg4 Rb3 72.Kg2 Ra3 73.
Rg8 Kh7 74.Rg5 Kh6 75.f4 Rb3 76.Kf2 Ra3 77.Rg8 Rb3 78.Ke2 Ra3 79.Rg1 Rb3 
80.f5 Rb5 81.f6 Re5+ 82.Kd3 Rf5 1/2-1/2

[Event "Legends of Chess Prelim"]
[Site "chess24.com INT"]
[Date "2020.07.22"]
[Round "2.2"]
[White "Ding Liren"]
[Black "Nepomniachtchi, I"]
[Result "0-1"]
[WhiteElo "2791"]
[BlackElo "2784"]
[EventDate "2020.07.21"]
[WhiteTitle "GM"]
[BlackTitle "GM"]
[WhiteFideId "8603677"]
[BlackFideId "4168119"]

1.d4 f5 2.g3 Nf6 3.Bg2 g6 4.c4 Bg7 5.Nc3 O-O 6.Nh3 d6 7.d5 Na6 8.Nf4 Nc5 
9.h4 e5 10.dxe6 Nxe6 11.Nxe6 Bxe6 12.Bxb7 Rb8 13.Bg2 Bxc4 14.Qa4 d5 15.O-O
Ne4 16.Nxe4 fxe4 17.Qc2 Qe8 18.b3 Bxe2 19.Qxe2 Bxa1 20.Ba3 Bd4 21.Bxf8 
Qxf8 22.Bxe4 Qd6 23.Rd1 Qxg3+ 24.Kf1 Qh3+ 25.Bg2 Qxh4 26.Bxd5+ Kh8 27.Qf3 
Bg7 28.Qg3 Qe7 29.Re1 Qc5 30.Bc4 Rf8 31.Kg2 Bd4 32.f3 Kg7 33.Qh4 Bf6 34.
Qg4 Rd8 35.Qe6 Qg5+ 36.Qg4 h5 37.Qxg5 Bxg5 38.a4 Bf4 39.a5 Kf6 40.a6 Be5 
41.Re3 Rd2+ 42.Re2 Rd4 43.Re1 g5 44.Re3 Rh4 45.Rd3 Rh2+ 46.Kg1 Rb2 47.Rd7 
h4 48.Rh7 Kf5 49.Rf7+ Kg6 50.Re7 Kf5 51.Rf7+ Bf6 52.Rxc7 Bd4+ 53.Kf1 h3 
54.Rh7 Rf2+ 55.Ke1 h2 56.Be2 Rg2 57.Kd2 Be5 58.f4 Kg6 59.Rh3 Bxf4+ 0-1

[Event "Legends of Chess Prelim"]
[Site "chess24.com INT"]
[Date "2020.07.29"]
[Round "9.2"]
[White "Giri, A"]
[Black "Svidler, P"]
[Result "1/2-1/2"]
[WhiteElo "2764"]
[BlackElo "2723"]
[EventDate "2020.07.21"]
[WhiteTitle "GM"]
[BlackTitle "GM"]
[WhiteFideId "24116068"]
[BlackFideId "4102142"]

1.d4 Nf6 2.c4 g6 3.Nc3 d5 4.Nf3 Bg7 5.Bg5 Ne4 6.Bf4 Nxc3 7.bxc3 c5 8.cxd5 
cxd4 9.cxd4 Qxd5 10.e3 O-O 11.Be2 Nc6 12.O-O Bf5 13.a3 Rac8 14.Rc1 Qa2 15.
Bd3 Bd7 16.Ra1 Qd5 17.Rb1 Na5 18.e4 Qa2 19.Qd2 Qxd2 20.Bxd2 Nc4 21.Bxc4 
Rxc4 22.Rxb7 Bc6 23.Rxe7 Bxd4 24.Nxd4 Rxd4 25.Bh6 Re8 26.Rxa7 Rdxe4 27.h3 
Ra4 28.Rc7 Bd5 29.Rd1 Be6 30.Rd3 Rh4 31.Bg5 Ra4 32.Be7 h6 33.Bb4 g5 34.Kh2
Kg7 35.f4 Kg6 36.Rc5 Rc8 37.f5+ Bxf5 38.Rd6+ f6 39.g4 Rxc5 40.Bxc5 Be4 41.
Rd4 1/2-1/2

[Event "Legends of Chess Prelim"]
[Site "chess24.com INT"]
[Date "2020.07.23"]
[Round "3.4"]
[White "Svidler, P"]
[Black "Gelfand, B"]
[Result "1/2-1/2"]
[WhiteElo "2723"]
[BlackElo "2676"]
[EventDate "2020.07.21"]
[WhiteTitle "GM"]
[BlackTitle "GM"]
[WhiteFideId "4102142"]
[BlackFideId "2805677"]

1.e4 c5 2.Nf3 Nc6 3.Bb5 e6 4.O-O Nge7 5.d4 cxd4 6.Nxd4 Ng6 7.Be3 Be7 8.c3 
O-O 9.Nd2 Qc7 10.f4 d5 11.e5 f6 12.exf6 Rxf6 13.g3 e5 14.fxe5 Ncxe5 15.Qb3
Qd8 16.Rxf6 Bxf6 17.Ne4 Be7 18.Nf2 Kh8 19.Rd1 Bc5 20.Be2 Bb6 21.Nc2 Be6 
22.Bxb6 axb6 23.c4 Ne7 24.Qe3 Qc7 25.Nd4 Bd7 26.Nf3 Nxf3+ 27.Bxf3 Nf5 28.
Qf4 Qxf4 29.gxf4 d4 30.a3 Bc6 31.Bg4 Ne3 32.Rxd4 g6 33.h3 Re8 34.Bd7 Rd8 
35.Rd3 Rxd7 36.Rxe3 Rd4 37.b3 Rxf4 38.Nd3 Rd4 39.Kf2 Kg7 40.Ne5 Bh1 41.Re1
Rd2+ 42.Kg3 Bg2 43.h4 Rb2 44.b4 h5 45.b5 Kf6 46.Nd7+ Kf7 47.Ne5+ Kf6 48.
Nd7+ Kf7 49.Ne5+ Kf6 1/2-1/2

[Event "Legends of Chess Prelim"]
[Site "chess24.com INT"]
[Date "2020.07.29"]
[Round "9.4"]
[White "Giri, A"]
[Black "Svidler, P"]
[Result "1/2-1/2"]
[WhiteElo "2764"]
[BlackElo "2723"]
[EventDate "2020.07.21"]
[WhiteTitle "GM"]
[BlackTitle "GM"]
[WhiteFideId "24116068"]
[BlackFideId "4102142"]

1.d4 g6 2.e4 Bg7 3.Nf3 d6 4.Be3 Nf6 5.Nc3 c6 6.Qd2 b5 7.Bd3 Nbd7 8.e5 Ng4 
9.exd6 exd6 10.Bg5 Ngf6 11.Qe2+ Kf8 12.O-O h6 13.Bf4 Nb6 14.a4 b4 15.Ne4 
Nxe4 16.Bxe4 d5 17.Bd3 Bg4 18.c3 Qf6 19.Qe3 Bxf3 20.Qxf3 g5 21.Bc7 Qxf3 
22.gxf3 Ke7 23.a5 Nc4 24.Bxc4 dxc4 25.Ra4 Kd7 26.Bg3 bxc3 27.bxc3 f5 28.
Be5 Bxe5 29.dxe5 Ke6 30.Rxc4 Rac8 31.Rc5 Rhd8 32.c4 Rd3 33.Kg2 h5 34.h3 g4
35.hxg4 hxg4 36.fxg4 Rg8 37.f3 fxg4 38.fxg4 Rxg4+ 39.Kh2 Rh4+ 40.Kg2 Rg4+ 
41.Kh2 Rh4+ 42.Kg2 Rg4+ 1/2-1/2

[Event "Legends of Chess Prelim"]
[Site "chess24.com INT"]
[Date "2020.07.29"]
[Round "9.2"]
[White "Leko, P"]
[Black "Ding Liren"]
[Result "1/2-1/2"]
[WhiteElo "2663"]
[BlackElo "2791"]
[EventDate "2020.07.21"]
[WhiteTitle "GM"]
[BlackTitle "GM"]
[WhiteFideId "703303"]
[BlackFideId "8603677"]

1.e4 e5 2.Nf3 Nc6 3.Bc4 Nf6 4.d3 Bc5 5.O-O O-O 6.Nbd2 d6 7.c3 a5 8.h3 h6 
9.Re1 Be6 10.Bb5 Qb8 11.Nf1 Qa7 12.Be3 Bxe3 13.Nxe3 Ne7 14.a4 Ng6 15.Bc4 
Bxc4 16.Nxc4 Rfe8 17.Qc2 Qa6 18.g3 Rad8 19.Ne3 c6 20.Kg2 d5 21.Nf5 b6 22.
Re2 Qc8 23.Rae1 Qe6 24.N3h4 Nxh4+ 25.Nxh4 dxe4 26.dxe4 g6 27.Nf3 Kg7 28.
Rd1 Rxd1 29.Qxd1 b5 30.Qc2 Nd7 31.b4 Ra8 32.axb5 cxb5 33.bxa5 Rxa5 34.Qb2 
Nf6 35.Qb4 Qc4 36.Rb2 Qxb4 37.Rxb4 Nd7 38.c4 bxc4 39.Rxc4 Nf6 40.Rb4 Rc5 
41.Ra4 Rb5 1/2-1/2

[Event "Legends of Chess Prelim"]
[Site "chess24.com INT"]
[Date "2020.07.28"]
[Round "8.3"]
[White "Anand, V"]
[Black "Ding Liren"]
[Result "0-1"]
[WhiteElo "2753"]
[BlackElo "2791"]
[EventDate "2020.07.21"]
[WhiteTitle "GM"]
[BlackTitle "GM"]
[WhiteFideId "5000017"]
[BlackFideId "8603677"]

1.e4 c5 2.Nf3 d6 3.d4 cxd4 4.Nxd4 Nf6 5.Nc3 a6 6.Be3 e5 7.Nb3 Be6 8.h3 Be7
9.Qf3 O-O 10.O-O-O b5 11.g4 b4 12.Nd5 a5 13.Nd2 Nxd5 14.exd5 Bc8 15.Bd3 
Ba6 16.Bf5 a4 17.h4 b3 18.axb3 axb3 19.Nxb3 Nd7 20.g5 Nb6 21.Na5 Be2 22.
Qxe2 Rxa5 23.b4 Ra3 24.Rh3 Na4 25.Kd2 Nc3 26.Qc4 Nxd1 27.Kxd1 g6 28.Bg4 h5
29.Bc1 Ra1 30.Be2 Bxg5 31.hxg5 Qxg5 32.Re3 Qg1+ 33.Bf1 Qxf2 34.Qe2 Qf4 35.
b5 Rfa8 36.Qf3 Qd4+ 37.Rd3 Qb2 38.Qe3 Rxc1+ 39.Qxc1 Ra1 40.Qxa1 Qxa1+ 0-1

[Event "Legends of Chess Prelim"]
[Site "chess24.com INT"]
[Date "2020.07.29"]
[Round "9.1"]
[White "Svidler, P"]
[Black "Giri, A"]
[Result "1/2-1/2"]
[WhiteElo "2723"]
[BlackElo "2764"]
[EventDate "2020.07.21"]
[WhiteTitle "GM"]
[BlackTitle "GM"]
[WhiteFideId "4102142"]
[BlackFideId "24116068"]

1.c4 e5 2.g3 c6 3.Nf3 e4 4.Nd4 d5 5.cxd5 Qxd5 6.e3 Bc5 7.Nc3 Qe5 8.d3 exd3
9.Qxd3 Nf6 10.Bg2 O-O 11.O-O Rd8 12.Nce2 Bb6 13.Qc2 Na6 14.Bd2 Qc5 15.Qb3 
Qe7 16.Rfd1 Bg4 17.h3 Bh5 18.Nf5 Qc7 19.g4 Bg6 20.Neg3 Nc5 21.Qc4 Ne6 22.
Bc3 Rxd1+ 23.Rxd1 Rd8 24.Qa4 Nc5 25.Qc2 Rxd1+ 26.Qxd1 Qd8 27.Qxd8+ Bxd8 
28.Bd4 Bb6 29.Nd6 Nfd7 30.b4 Nd3 31.Bc3 Nc1 32.Bd2 Nxa2 33.Nxb7 c5 34.bxc5
Nxc5 35.Na5 Nc1 36.Nf5 Bxf5 37.gxf5 N1b3 38.Nxb3 Nxb3 39.Bc3 a5 40.Bd5 Nc5
41.Kf1 Bd8 42.Ke2 g6 43.fxg6 hxg6 44.f4 Kf8 45.e4 Ne6 46.Kf3 a4 47.f5 gxf5
48.exf5 Ng5+ 49.Kg4 Nh7 50.h4 Nf6+ 51.Bxf6 Bxf6 1/2-1/2

[Event "Legends of Chess Prelim"]
[Site "chess24.com INT"]
[Date "2020.07.29"]
[Round "9.1"]
[White "Carlsen, M"]
[Black "Kramnik, V"]
[Result "1/2-1/2"]
[WhiteElo "2863"]
[BlackElo "2753"]
[EventDate "2020.07.21"]
[WhiteTitle "GM"]
[BlackTitle "GM"]
[WhiteFideId "1503014"]
[BlackFideId "4101588"]

1.e4 e5 2.Nf3 Nc6 3.Bc4 Bc5 4.O-O Nf6 5.d3 d6 6.c3 a6 7.a4 h6 8.Re1 O-O 9.
Nbd2 Ba7 10.Nf1 Re8 11.Be3 Bxe3 12.Nxe3 Be6 13.Bxe6 Rxe6 14.b4 a5 15.b5 
Ne7 16.Qc2 Ng6 17.g3 d5 18.c4 c6 19.cxd5 cxd5 20.Rac1 Re7 21.Qb3 Rd7 22.
exd5 Nxd5 23.Nc4 f6 24.d4 exd4 25.Nxd4 Nf8 26.Rcd1 Kh7 27.Nc6 Qc7 28.N6xa5
Ng6 29.h4 Rxa5 30.Nxa5 Qxa5 31.Qd3 Nb6 32.Qb1 Rxd1 33.Rxd1 h5 34.Rd4 Qc3 
35.Rd6 Nc4 36.Rd3 Qe5 37.Rd7 b6 38.Qd1 Qf5 39.Qd3 Qh3 40.Qd1 Qf5 41.Qd3 
Qe6 42.Qd1 Qf5 1/2-1/2

[Event "Legends of Chess Prelim"]
[Site "chess24.com INT"]
[Date "2020.07.28"]
[Round "8.4"]
[White "Gelfand, B"]
[Black "Leko, P"]
[Result "1/2-1/2"]
[WhiteElo "2676"]
[BlackElo "2663"]
[EventDate "2020.07.21"]
[WhiteTitle "GM"]
[BlackTitle "GM"]
[WhiteFideId "2805677"]
[BlackFideId "703303"]

1.d4 Nf6 2.c4 e6 3.Nf3 d5 4.g3 Be7 5.Bg2 O-O 6.O-O dxc4 7.Qc2 a6 8.a4 Bd7 
9.Qxc4 Bc6 10.Bg5 Nbd7 11.Nc3 h6 12.Bxf6 Nxf6 13.Rfd1 Rc8 14.a5 Bd5 15.Qd3
c5 16.Nxd5 Nxd5 17.Qb3 Qc7 18.dxc5 Bxc5 19.Rdc1 Qe7 20.Ne1 Nb4 21.Rc4 Bd6 
22.Rac1 Rb8 23.Rd1 Bc5 24.Qc3 Na2 25.Qb3 Nb4 26.Qc3 Na2 27.Qe5 b6 28.axb6 
Bxb6 29.Nd3 a5 30.Rg4 g5 31.Rc4 Rbc8 32.Rxc8 Rxc8 33.Qb5 Rb8 34.e3 Nb4 35.
Nxb4 Qxb4 36.Qe5 Rd8 37.Rxd8+ Bxd8 38.Bc6 Qe7 39.b3 Qf6 40.Qxf6 Bxf6 41.
Kg2 Kg7 42.Kf3 Bc3 43.Ke2 Bb4 44.f4 Bc3 45.Kf3 Bb4 46.h3 Bc3 47.g4 Bb4 48.
Ke2 Bc3 49.Kf3 Bb4 50.Ke2 Bc3 51.Kf3 1/2-1/2

[Event "Legends of Chess Prelim"]
[Site "chess24.com INT"]
[Date "2020.07.23"]
[Round "3.1"]
[White "Gelfand, B"]
[Black "Svidler, P"]
[Result "1/2-1/2"]
[WhiteElo "2676"]
[BlackElo "2723"]
[EventDate "2020.07.21"]
[WhiteTitle "GM"]
[BlackTitle "GM"]
[WhiteFideId "2805677"]
[BlackFideId "4102142"]

1.Nf3 Nf6 2.c4 c5 3.Nc3 Nc6 4.d4 cxd4 5.Nxd4 e6 6.g3 Qb6 7.Nb3 Ne5 8.e4 
Bb4 9.Qe2 d6 10.Bd2 a5 11.O-O-O a4 12.Na1 O-O 13.Nc2 Bc5 14.f4 Nc6 15.Be3 
Rd8 16.Bxc5 Qxc5 17.Qe3 e5 18.f5 Qxe3+ 19.Nxe3 Nd4 20.g4 Bd7 21.g5 Nh5 22.
Nc2 Nxc2 23.Kxc2 Bc6 24.Rg1 Kf8 25.Kd2 Ke7 26.Ke3 Nf4 27.Ne2 Nxe2 28.Bxe2 
h6 29.gxh6 gxh6 30.Rg7 Rg8 31.Rdg1 Rxg7 32.Rxg7 Rh8 33.Bh5 Be8 34.h4 Kf6 
35.Rg1 Bc6 36.Rd1 Ke7 37.Rg1 Kf6 38.Rd1 Ke7 39.Rg1 Kf6 1/2-1/2

[Event "Legends of Chess Prelim"]
[Site "chess24.com INT"]
[Date "2020.07.27"]
[Round "7.4"]
[White "Carlsen, M"]
[Black "Svidler, P"]
[Result "1-0"]
[WhiteElo "2863"]
[BlackElo "2723"]
[EventDate "2020.07.21"]
[WhiteTitle "GM"]
[BlackTitle "GM"]
[WhiteFideId "1503014"]
[BlackFideId "4102142"]

1.d4 Nf6 2.Nf3 g6 3.Bf4 Bg7 4.e3 O-O 5.Be2 c5 6.O-O Qb6 7.Nbd2 d5 8.Qc1 
Nc6 9.c3 Nh5 10.Bg5 h6 11.Bh4 g5 12.Bg3 Nxg3 13.hxg3 e5 14.Nxe5 Nxe5 15.
dxe5 Bxe5 16.e4 dxe4 17.Nc4 Qe6 18.Qe3 Bg7 19.Qxc5 b6 20.Qa3 f5 21.Rad1 
Bd7 22.Rd6 Qe8 23.Bh5 Qe7 24.Ne3 Be6 25.Bd1 f4 26.Rxe6 Qxa3 27.bxa3 fxe3 
28.fxe3 Rxf1+ 29.Kxf1 Kf8 30.Ke2 Rc8 31.Bb3 Rxc3 32.Rxe4 Rc5 33.Re6 Re5 
34.Rd6 Ke7 35.Rg6 Kf8 36.g4 Rc5 37.a4 Re5 38.Kd3 Rc5 39.Bc4 Re5 40.Rc6 Rc5
41.Rd6 Ke7 42.Rg6 Kf8 43.e4 Rc7 44.a5 bxa5 45.Ra6 Ke7 46.e5 Kf8 47.Rxa5 
Ke7 48.Bb3 Rb7 49.Ke4 Bf8 50.Kf5 Rc7 51.Ra6 Ke8 52.Kg6 Rb7 53.Re6+ Kd8 54.
Rf6 Be7 55.Kxh6 Rb5 56.Rf5 Rb4 57.e6 Rxg4 58.Rd5+ Ke8 59.Kg6 Rf4 60.Ra5 
Kf8 61.Rxa7 Rf6+ 62.Kh7 Bd6 63.Rf7+ Rxf7+ 64.exf7 1-0

[Event "Legends of Chess Prelim"]
[Site "chess24.com INT"]
[Date "2020.07.28"]
[Round "8.1"]
[White "Leko, P"]
[Black "Gelfand, B"]
[Result "1/2-1/2"]
[WhiteElo "2663"]
[BlackElo "2676"]
[EventDate "2020.07.21"]
[WhiteTitle "GM"]
[BlackTitle "GM"]
[WhiteFideId "703303"]
[BlackFideId "2805677"]

1.Nf3 c5 2.c4 Nc6 3.Nc3 Nf6 4.g3 d5 5.d4 cxd4 6.Nxd4 dxc4 7.Nxc6 Qxd1+ 8.
Nxd1 bxc6 9.Bg2 Nd5 10.Ne3 e6 11.Nxc4 Ba6 12.Na5 Rc8 13.Bd2 Be7 14.Rc1 c5 
15.b3 O-O 16.O-O Rfd8 17.Bf3 Nb4 18.Bxb4 cxb4 19.Nc6 Bg5 20.Rc5 h6 21.h4 
Bf6 22.Rfc1 Rd2 23.R5c2 Rxc2 24.Rxc2 Kf8 25.Nxb4 Rxc2 26.Nxc2 Bc3 27.Kf1 
f5 28.Ne3 Ke7 29.Bd5 g5 30.hxg5 hxg5 31.Bc4 Bb7 32.g4 f4 33.Nd1 Bf6 34.f3 
Kd6 35.Nf2 a5 36.Ke1 Bc3+ 37.Kd1 Ke7 38.Kc2 Bd4 39.Nd1 Bc5 40.Nc3 Kf6 41.
Kd3 Ke5 42.Bb5 Bd5 43.Nb1 Bb4 44.Nc3 Bc5 45.Be8 Bb4 46.Na4 Bb7 47.Bb5 Kd6 
48.Nc3 Ke5 49.Bc4 Bc6 50.Bb5 Bxc3 51.Bxc6 Bb4 52.Kc4 Kd6 53.Be4 Kc7 54.Kb5
Be1 55.a3 Bd2 56.b4 axb4 57.axb4 Kd6 58.Kc4 Be1 59.Bd3 Bd2 60.Kb5 Be1 61.
Kc4 Bd2 62.Be4 Be1 63.b5 Bf2 64.Bc6 Bb6 65.Kd3 Ke5 66.Kc4 Kd6 67.Kd3 Ke5 
68.Kc4 Kd6 1/2-1/2

[Event "Legends of Chess Prelim"]
[Site "chess24.com INT"]
[Date "2020.07.28"]
[Round "8.3"]
[White "Kramnik, V"]
[Black "Svidler, P"]
[Result "1/2-1/2"]
[WhiteElo "2753"]
[BlackElo "2723"]
[EventDate "2020.07.21"]
[WhiteTitle "GM"]
[BlackTitle "GM"]
[WhiteFideId "4101588"]
[BlackFideId "4102142"]

1.e4 c5 2.Nf3 d6 3.d4 cxd4 4.Nxd4 Nf6 5.Nc3 a6 6.Bc4 e6 7.Bb3 Nbd7 8.Be3 
Nc5 9.f3 h5 10.Qd2 b5 11.O-O-O Bd7 12.Kb1 Qc7 13.a3 Qb7 14.Rhe1 Be7 15.Bg5
b4 16.axb4 Qxb4 17.e5 dxe5 18.Rxe5 O-O 19.Nd5 Nxb3 20.Qxb4 Bxb4 21.Nxf6+ 
gxf6 22.Bxf6 Kh7 23.Nxb3 Bc6 24.Rd4 Rfb8 25.Rf4 Kh6 26.Rg5 Be1 27.h4 Rg8 
28.Nd4 Bd5 29.Rxg8 Rxg8 30.Bg5+ Kg6 31.Ne2 Bd2 32.Rf6+ Kg7 33.Rh6 Bxg5 34.
hxg5 e5 35.Ng3 Kf8 36.Rxh5 Ke7 37.b3 a5 38.Nf5+ Kd7 39.Ne3 Be6 40.g3 Rb8 
41.Rh4 Bxb3 42.Kc1 Be6 43.Ra4 Rb5 44.Kd2 Rc5 45.c4 Ke7 46.Kc3 Bd7 47.Ra1 
a4 48.Nd5+ Kd6 49.Nb6 Bc6 50.Nxa4 Ra5 51.Kb4 Ra7 52.Rd1+ Ke7 53.Nb6 Rb7 
54.Kc5 Bxf3 55.Rf1 Rc7+ 56.Kb4 Bc6 57.Rf6 Bg2 58.Kc3 Rc6 59.Rxc6 Bxc6 60.
c5 Ke6 61.Kd3 Kf5 62.Nc4 e4+ 63.Kd4 Kxg5 64.Ne5 Ba4 65.Nxf7+ Kg4 66.Kxe4 
Kxg3 67.Ne5 Be8 68.Kd5 Kf4 69.Nc4 Bf7+ 70.Kd4 Be8 71.Nb6 Bc6 72.Nd5+ Kf3 
73.Ke5 Ke2 74.Kd6 Be8 75.Nc7 Ba4 76.Kd5 Kd3 77.Ne6 Kc3 78.Nd4 Kb4 79.Nc6+ 
Kc3 80.Ne5 Kb4 81.Kd6 Bb5 82.Nf3 Ba4 83.Nd2 Kc3 84.Ne4+ Kb4 85.Nf6 Kc4 86.
Nd5 Be8 87.Nb6+ Kb5 88.Nc8 Ka6 89.Kd5 Bd7 90.Nd6 Ka7 91.Ne4 Kb7 92.Kd6 Bc6
93.Nc3 Bh1 94.Na2 Bg2 95.Nb4 Bh1 96.Kd7 Bg2 97.Nc2 Bh1 98.Nd4 Bg2 99.Kd6 
Bh1 100.Nb3 Bg2 101.Na5+ Ka6 102.Nc6 Kb7 103.Nd8+ Kc8 104.Ne6 Kb7 105.Ng5 
Bh1 106.Nf7 Bg2 107.Nd8+ Kc8 108.Nc6 Kb7 109.Na5+ Ka6 110.Nc4 Kb7 111.Ne3 
Bh1 112.Nf5 Bg2 113.c6+ Bxc6 114.Nd4 Ka8 115.Nxc6 1/2-1/2

[Event "Legends of Chess Prelim"]
[Site "chess24.com INT"]
[Date "2020.07.29"]
[Round "9.3"]
[White "Svidler, P"]
[Black "Giri, A"]
[Result "0-1"]
[WhiteElo "2723"]
[BlackElo "2764"]
[EventDate "2020.07.21"]
[WhiteTitle "GM"]
[BlackTitle "GM"]
[WhiteFideId "4102142"]
[BlackFideId "24116068"]

1.c4 e5 2.g3 c6 3.d4 e4 4.Qa4 d5 5.cxd5 Bd7 6.d6 Bxd6 7.Nc3 Nf6 8.Bg5 c5 
9.Qd1 Be7 10.Bg2 O-O 11.dxc5 Na6 12.Bxf6 Bxf6 13.Nxe4 Bxb2 14.Rb1 Ba3 15.
Nh3 Bb4+ 16.Kf1 Bf5 17.c6 bxc6 18.Qa4 Qe7 19.Qxa6 Bxe4 20.Rc1 Bf5 21.Nf4 
Bd2 22.Rxc6 Rab8 23.e3 Bxe3 24.Nd5 Rb1+ 25.Ke2 Rb2+ 26.Kd1 Qe5 0-1

[Event "Legends of Chess Prelim"]
[Site "chess24.com INT"]
[Date "2020.07.25"]
[Round "5.2"]
[White "Leko, P"]
[Black "Anand, V"]
[Result "1/2-1/2"]
[WhiteElo "2663"]
[BlackElo "2753"]
[EventDate "2020.07.21"]
[WhiteTitle "GM"]
[BlackTitle "GM"]
[WhiteFideId "703303"]
[BlackFideId "5000017"]

1.e4 e5 2.Nf3 Nc6 3.Bc4 Bc5 4.O-O Nf6 5.d3 d6 6.c3 a6 7.a4 h6 8.Re1 a5 9.
Nbd2 O-O 10.Nf1 Be6 11.Bb5 Na7 12.d4 exd4 13.Nxd4 Nxb5 14.axb5 Re8 15.Ng3 
Bd7 16.h3 Re5 17.c4 c6 18.bxc6 Bxc6 19.Nxc6 bxc6 20.Bd2 Qb6 21.Qf3 Bb4 22.
Be3 Qa6 23.Rec1 Rae8 24.Bd4 R5e6 25.Nf5 Kh7 26.Rc2 Qb7 27.Rd1 Qc7 28.Re2 
Bc5 29.Bc3 Bb4 30.Bxb4 axb4 31.Qg3 g6 32.Nxd6 Nxe4 33.Rxe4 Rxd6 34.Rxd6 
Rxe4 35.c5 Re2 36.b3 Rc2 37.Rxg6 Qxg3 38.Rxg3 Rxc5 39.Rg4 Rc1+ 40.Kh2 c5 
41.Rf4 Kg6 42.Re4 Kf5 43.f3 Rc3 44.g4+ Kf6 45.Rf4+ Ke6 46.Rf5 Kd6 47.Rxf7 
Rxb3 48.h4 c4 49.g5 hxg5 50.hxg5 Ra3 51.g6 Ra8 52.Rb7 Rg8 53.f4 Kc5 54.f5 
c3 55.g7 Kc6 56.Rxb4 Rxg7 57.Rc4+ Kd5 58.Rxc3 Rf7 59.Rf3 Ke4 60.Kg3 Rxf5 
61.Rxf5 Kxf5 1/2-1/2

[Event "Legends of Chess Prelim"]
[Site "chess24.com INT"]
[Date "2020.07.28"]
[Round "8.1"]
[White "Anand, V"]
[Black "Ding Liren"]
[Result "0-1"]
[WhiteElo "2753"]
[BlackElo "2791"]
[EventDate "2020.07.21"]
[WhiteTitle "GM"]
[BlackTitle "GM"]
[WhiteFideId "5000017"]
[BlackFideId "8603677"]

1.e4 c5 2.Nf3 d6 3.d4 cxd4 4.Nxd4 Nf6 5.Nc3 a6 6.h3 e6 7.g4 h6 8.Bg2 Be7 
9.Be3 Nc6 10.f4 Nd7 11.Nf3 b5 12.Qd2 Bb7 13.O-O-O Na5 14.b3 Rc8 15.Kb1 Qc7
16.Ne2 Bxe4 17.Rc1 d5 18.Ng3 Ba3 19.Bd4 O-O 20.g5 Nc5 21.Bxc5 Qxc5 22.gxh6
Nc4 0-1